Деловое общение. Деловой этикет: учебное пособие для вузов

Bibliographic Details
Other Authors: Кузнецов И. Н. Игорь Николаевич (составитель)
Summary:На основе анализа и обобщения отечественных и зарубежных источников излагаются основные теоретические положения, предлагаются практические рекомендации и советы, позволяющие более эффективно решать проблемы в области повышения уровня делового общения. Анализируются основные правила и рекомендации, без знания и выполнения которых невозможно поддерживать репутацию делового человека. Особое внимание уделяется рассмотрению проблем служебного, дипломатического и национального этикета. В приложениях представлены трафареты речей деловых людей, варианты составления деловых писем и обращений. Для студентов вузов, слушателей школ бизнеса, руководителей всех уровней, всех, кто интересуется проблемами делового общения.
Language:Russian
Published: Москва, ЮНИТИ, 2006
Series:Деловое общение
Subjects:
Format: Book
KOHA link:https://koha.lib.tpu.ru/cgi-bin/koha/opac-detail.pl?biblionumber=113776

MARC

LEADER 00000nam0a2200000 4500
001 113776
005 20231031122017.0
010 |a 5238006543 
035 |a (RuTPU)RU\TPU\book\123038 
090 |a 113776 
100 |a 20070416d2006 m y0rusy50 ca 
101 0 |a rus 
102 |a RU 
105 |a a j 001zy 
200 1 |a Деловое общение. Деловой этикет  |e учебное пособие для вузов  |f сост. И. Н. Кузнецов 
210 |a Москва  |c ЮНИТИ  |d 2006 
215 |a 431 с.  |c ил. 
225 1 |a Деловое общение 
320 |a Библиогр.: с. 426-430. 
330 |a На основе анализа и обобщения отечественных и зарубежных источников излагаются основные теоретические положения, предлагаются практические рекомендации и советы, позволяющие более эффективно решать проблемы в области повышения уровня делового общения. Анализируются основные правила и рекомендации, без знания и выполнения которых невозможно поддерживать репутацию делового человека. Особое внимание уделяется рассмотрению проблем служебного, дипломатического и национального этикета. В приложениях представлены трафареты речей деловых людей, варианты составления деловых писем и обращений. Для студентов вузов, слушателей школ бизнеса, руководителей всех уровней, всех, кто интересуется проблемами делового общения. 
451 1 |0 (RuTPU)RU\TPU\book\113131  |y 5-94798-850-X  |t Деловое общение  |o учебное пособие  |f сост. И. Н. Кузнецов  |c М.  |n Дашков и К  |d 2007  |p 528 с. 
610 1 |a этика 
610 1 |a этикет 
610 1 |a деловое общение 
610 1 |a деловой этикет 
610 1 |a имидж 
610 1 |a служебный этикет 
610 1 |a дипломатический этикет 
610 1 |a национальный этикет 
610 1 |a культура общения 
610 1 |a учебные пособия 
686 |a Ю75я73  |v LBC/SL-A  |2 rubbk 
702 1 |a Кузнецов  |b И. Н.  |g Игорь Николаевич  |4 220 
801 1 |a RU  |b 63413507  |c 20070416  |g PSBO 
801 2 |a RU  |b 63413507  |c 20120303  |g PSBO 
900 |a Международный протокол 
942 |c BK 
959 |a 29/20070323  |d 1  |e 145,00  |f ЧЗГЛ:1